000 00752nam a2200241 a 4500
001 43052
003 BD-RjUL
005 20211209053635.0
008 160619s19641962enka b 001 0 eng
035 _a(BD-RjUL)43170
040 _aDLC
_cDLC
_dUKM
_dBD-RjUL
_beng
041 1 _aeng
_hfre
082 _a511.5
_223
_bBET 1964
100 1 _aBerge, Claude.
_9132206
245 1 4 _aThe theory of graphs and its applications /
_cClaude Berge ; translated by Alison Doig.
260 _aLondon :
_bMethuen,
_aNew York :
_bWiley,
_cc1962, [reprint 1964]
300 _ax, 247 p. :
_bill. ;
_c22 cm.
504 _aIncludes bibliography and index.
650 0 _aGraph theory.
_9119357
650 0 _aSet theory.
_9132207
942 _2ddc
_cBK
999 _c43052
_d43052